000 00666cab a2200217 4500
001 WB3231-12
008 090401t1996 xxu||||| |||| 00| 0 eng d
035 _a(Sirsi) u69508
041 _aeng
245 _aRental values in Scotland
260 _c1996
350 _a0
490 _aHerald
_v8 August 1996, 24(1)
520 _aRental values for commercial property in Scotland remained static in July, according to Richard Ellis. Table.
650 _aPROPERTY-COMMERCIAL PROPERTY
650 _aRENTAL VALUES
650 _aSCOTLAND
690 _aPROPERTY-COMMERCIAL PROPERTY-COMMERCIAL PROPERTY FINANCE AND INVESTMENT
942 _n0
948 _c04/03/1997
999 _c43656
_d43656